Photoshop CC for dummies (Record no. 7089)
[ view plain ]
| 000 -LEADER | |
|---|---|
| fixed length control field | 01330nam a2200325 a 4500 |
| 001 - CONTROL NUMBER | |
| control field | ebr10700395 |
| 003 - CONTROL NUMBER IDENTIFIER | |
| control field | CaPaEBR |
| 006 - FIXED-LENGTH DATA ELEMENTS--ADDITIONAL MATERIAL CHARACTERISTICS--GENERAL INFORMATION | |
| fixed length control field | m o u |
| 007 - PHYSICAL DESCRIPTION FIXED FIELD--GENERAL INFORMATION | |
| fixed length control field | cr cn||||||||| |
| 008 - FIXED-LENGTH DATA ELEMENTS--GENERAL INFORMATION | |
| fixed length control field | 130524s2013 njua s 001 0 eng d |
| 010 ## - LIBRARY OF CONGRESS CONTROL NUMBER | |
| Canceled/invalid LC control number | 2013934760 |
| 020 ## - INTERNATIONAL STANDARD BOOK NUMBER | |
| Cancelled/invalid ISBN | 9781118645758 |
| Cancelled/invalid ISBN | 9781118651360 (e-book) |
| 040 ## - CATALOGING SOURCE | |
| Original cataloging agency | CaPaEBR |
| Transcribing agency | CaPaEBR |
| 035 ## - SYSTEM CONTROL NUMBER | |
| System control number | (OCoLC)849927819 |
| 050 14 - LIBRARY OF CONGRESS CALL NUMBER | |
| Classification number | TR267.5.A3 |
| Item number | B38 2013eb |
| 100 1# - MAIN ENTRY--PERSONAL NAME | |
| Personal name | Bauer, Peter. |
| 245 10 - TITLE STATEMENT | |
| Title | Photoshop CC for dummies |
| Medium | [electronic resource] / |
| Statement of responsibility, etc | by Peter Bauer. |
| 260 ## - PUBLICATION, DISTRIBUTION, ETC. (IMPRINT) | |
| Place of publication, distribution, etc | Hoboken, N.J. : |
| Name of publisher, distributor, etc | John Wiley & Sons, Inc., |
| Date of publication, distribution, etc | 2013. |
| 300 ## - PHYSICAL DESCRIPTION | |
| Extent | xviii, 430 p. : |
| Other physical details | col. ill. |
| 490 1# - SERIES STATEMENT | |
| Series statement | --For dummies |
| 500 ## - GENERAL NOTE | |
| General note | Includes index. |
| 505 0# - FORMATTED CONTENTS NOTE | |
| Formatted contents note | pt. I. Getting started with Photoshop CC -- pt. II. Easy enhancements for digital images -- pt. III. Creating "art" in Photoshop -- pt. IV. Power Photoshop -- pt. V. The part of tens. |
| 533 ## - REPRODUCTION NOTE | |
| Type of reproduction | Electronic reproduction. |
| Place of reproduction | Palo Alto, Calif. : |
| Agency responsible for reproduction | ebrary, |
| Date of reproduction | 2013. |
| Note about reproduction | Available via World Wide Web. |
| -- | Access may be limited to ebrary affiliated libraries. |
| 630 00 - SUBJECT ADDED ENTRY--UNIFORM TITLE | |
| Uniform title | Adobe Photoshop. |
| 655 #7 - INDEX TERM--GENRE/FORM | |
| Genre/form data or focus term | Electronic books. |
| Source of term | local |
| 710 2# - ADDED ENTRY--CORPORATE NAME | |
| Corporate name or jurisdiction name as entry element | ebrary, Inc. |
| 830 #0 - SERIES ADDED ENTRY--UNIFORM TITLE | |
| Uniform title | --For dummies. |
| 856 40 - ELECTRONIC LOCATION AND ACCESS | |
| Uniform Resource Identifier | <a href="http://site.ebrary.com/lib/rucke/Doc?id=10700395">http://site.ebrary.com/lib/rucke/Doc?id=10700395</a> |
| Public note | An electronic book accessible through the World Wide Web; click to view |
No items available.
